Rihanna - Chansons de l'album Talk That Talk - Statistiques

Statistiques générales
  • Ce quiz a été pris 7 fois
  • Le résultat moyen est 5 sur 14
Statistiques - réponses
Hint Réponse % Correct
Talk That Talk 3 We Found Love (ft. Calvin Harris)
100%
Talk That Talk 4 Talk That Talk (ft. Jay-Z)
67%
Talk That Talk 2 Where Have You Been
67%
Talk That Talk- 11 Farewell
50%
Talk That Talk- 9 Roc Me Out
50%
Talk That Talk 1 You da One
50%
Talk That Talk- 8 Drunk on Love
33%
Talk That Talk- 10 Watch n' Learn
33%
Talk That Talk- 14 Fool in Love
17%
Talk That Talk- 12 Red Lipstick
17%
Talk That Talk 7 We All Want Love
17%
Talk That Talk 6 Birthday Cake
0%
Talk That Talk 5 Cockiness (Love It)
0%
Talk That Talk- 13 Do Ya Thang
0%
Aucun quiz correspondant
Distribution des résultats
% des personnes avec chaque résultat
Percentile par nombre de réponses
Votre historique - résultats
Vous n’avez pas pris ce quiz